000 01206nam a22002897a 4500
001 5502
003 FISKH
005 20250116165406.0
008 241213b cb ||||| |||| 00| 0 eng d
020 _a9780545203265
040 _aFISKH
_beng
_cFISKH
_dFISKH
082 _a580
100 _aRice, Barry
245 _aMonster plants :
_bmeat eaters, real stinkers, and other leafy oddities /
_cby Barry Rice
250 _aFirst printing, February 2010
260 _aNew York :
_bScholastic ;
_c2010 .
300 _a32 pages :
_bcolor illustrations ;
_c26 cm .
505 _aY
520 _aThese monsters do not have legs or brains, but they know how to snatch creepy crawlies and smash them up for dinner. They can latch on to other organisms and suck the lives out of them. They can even stink like rotting flesh. Turn the pages of this book if you dare to discover the science behind some of the strangest and deadliest plants on earth - back cover.
521 8 _a880
_bLexile IG
521 8 _aY
_bRaz-Plus
650 _ascience
_vNon-fiction
650 _achildren
_vNon-fiction
700 _aWindau, Jennifer Rinaldi
_eBook designer
942 _2ddc
_cBK
_n0
999 _c5502
_d5502